Full 2023 NFL Draft - Statistics

General Stats
  • This quiz has been taken 274 times
  • The average score is 103 of 259
Answer Stats
# Team Pos. School Player % Correct
1 Panthers QB Alabama Bryce Young
99%
2 Texans QB Ohio State CJ Stroud
98%
70 Raiders DT Alabama Byron Young
96%
77 Rams EDGE Tennessee Byron Young
96%
4 Colts QB Florida Anthony Richardson
94%
8 Falcons RB Texas Bijan Robinson
94%
123 Seahawks DT Mississippi State Cameron Young
94%
3 Texans EDGE Alabama Will Anderson Jr
94%
12 Lions RB Alabama Jahmyr Gibbs
93%
140 Browns QB UCLA Dorian Thompson-Robinson
92%
9 Eagles DT Georgia Jalen Carter
92%
20 Seahawks WR Ohio State Jaxon Smith-Njigba
92%
21 Chargers WR TCU Quentin Johnston
92%
251 Steelers OG Maryland Spencer Anderson
91%
169 Cowboys OL North Carolina Asim Richards
90%
145 Panthers DB Florida State Jammie Robinson
90%
124 Ravens EDGE Ole Miss Tavius Robinson
90%
217 Bengals P Michigan Brad Robbins
89%
22 Ravens WR Boston College Zay Flowers
89%
51 Dolphins CB South Carolina Cam Smith
88%
5 Seahawks CB Illinois Devon Witherspoon
88%
26 Cowboys DT Michigan Mazi Smith
88%
30 Eagles EDGE Georgia Nolan Smith
88%
6 Cardinals OT Ohio State Paris Johnson Jr
88%
160 Jaguars S Texas A&M Antonio Johnson
87%
170 Raiders S Georgia Christopher Smith
87%
80 Panthers EDGE Oregon DJ Johnson
87%
115 Bears RB Texas Roschon Johnson
87%
165 Bears CB Minnesota Terell Smith
87%
242 Packers S Iowa State Anthony Johnson Jr
86%
259 Rams DE Toledo Desjuan Johnson
86%
23 Vikings WR USC Jordan Addison
86%
33 Titans QB Kentucky Will Levis
86%
25 Bills TE Utah Dalton Kincaid
82%
17 Patriots CB Oregon Christian Gonzalez
80%
14 Steelers OT Georgia Broderick Jones
77%
34 Lions TE Iowa Sam LaPorta
77%
7 Raiders EDGE Texas Tech Tyree Wilson
77%
94 Cardinals WR Stanford Michael Wilson
76%
131 Bengals WR Purdue Charlie Jones
75%
111 Browns OT Ohio State Dawand Jones
75%
18 Lions LB Iowa Jack Campbell
75%
221 Colts CB Texas A&M Jaylon Jones
74%
32 Steelers CB Penn State Joey Porter Jr
74%
233 Commanders EDGE UL Lafayette Andre Jones
73%
35 Raiders TE Notre Dame Michael Mayer
73%
250 Chiefs CB Ball State Nic Jones
73%
13 Packers EDGE Iowa Lukas Van Ness
71%
55 Chiefs WR SMU Rashee Rice
70%
15 Jets EDGE Iowa State Will McDonald IV
69%
16 Commanders CB Mississippi State Emmanuel Forbes
67%
11 Titans OT Northwestern Peter Skoronski
67%
66 Eagles S Illinois Sydney Brown
67%
163 Bengals RB Illinois Chase Brown
66%
10 Bears OT Tennessee Darnell Wright
66%
87 49ers S Penn State Ji'Ayir Brown
66%
52 Seahawks RB UCLA Zach Charbonnet
66%
68 Lions QB Tennessee Hendon Hooker
65%
42 Packers TE Oregon State Luke Musgrave
65%
69 Texans WR Houston Nathaniel Dell
65%
45 Lions S Alabama Brian Branch
64%
50 Packers WR Michigan State Jayden Reed
64%
24 Giants CB Maryland Deonte Banks
63%
29 Saints DT Clemson Bryan Bresee
61%
198 Seahawks S New Mexico Jerrick Reed II
61%
63 Broncos WR Oklahoma Marvin Mims
61%
72 Cardinals CB Syracuse Garrett Williams
60%
99 49ers K Michigan Jake Moody
60%
73 Giants WR Tennessee Jalin Hyatt
60%
19 Bucs DT Pitt Calijah Kancey
59%
93 Steelers TE Georgia Darnell Washington
59%
91 Bills LB Tulane Dorian Williams
59%
104 Raiders CB Maryland Jakorian Bennett
59%
39 Panthers WR Ole Miss Jonathan Mingo
59%
28 Bengals EDGE Clemson Myles Murphy
59%
128 Rams QB Georgia Stetson Bennett
59%
27 Jaguars OT Oklahoma Anton Harrison
58%
46 Patriots DE Georgia Tech Keion White
58%
79 Colts WR North Carolina Josh Downs
57%
185 Jaguars WR Penn State Parker Washington
57%
78 Packers TE South Dakota St Tucker Kraft
57%
75 Falcons DE Ohio State Zach Harrison
57%
31 Chiefs EDGE Kansas State Felix Anudike-Uzomah
56%
84 Dolphins RB Texas A&M Devon Achane
55%
37 Seahawks EDGE Auburn Derick Hall
54%
164 Vikings QB BYU Jaren Hall
54%
58 Cowboys TE Michigan Luke Schoonmaker
53%
81 Titans RB Tulane Tyjae Spears
52%
135 Raiders QB Purdue Aidan O'Connell
51%
74 Browns WR Tennessee Cedric Tillman
49%
36 Rams OG TCU Steve Avila
47%
60 Bengals CB Michigan DJ Turner II
46%
67 Broncos LB Arkansas Drew Sanders
46%
43 Jets C Wisconsin Joe Tippmann
46%
57 Giants C Minnesota John Michael Schmitz
46%
89 Rams DT Wake Forest Kobie Turner
46%
48 Bucs OT North Dakota St Cody Mauch
45%
59 Bills OG Florida O'Cyrus Torrence
45%
105 Eagles CB Georgia Kelee Ringo
44%
239 Chargers QB TCU Max Duggan
44%
127 Saints QB Fresno State Jake Haener
43%
61 Jaguars TE Penn State Brenton Strange
42%
112 Patriots K Maryland Chad Ryland
42%
88 Jaguars RB Auburn Tank Bigsby
42%
41 Cardinals EDGE LSU BJ Ojulari
41%
53 Bears DT Florida Gervon Dexter
41%
95 Bengals S Alabama Jordan Battle
41%
187 Patriots WR LSU Kayshon Boutte
41%
96 Lions DT Western Kentucky Brodric Martin
40%
125 Chargers WR TCU Derius Davis
40%
40 Saints EDGE Notre Dame Isaiah Foskey
40%
47 Commanders S Illinois Jartavius Martin
40%
44 Colts CB Kansas State Julius Brents
40%
177 Rams WR BYU Puka Nacua
40%
54 Chargers EDGE USC Tuli Tuipulotu
40%
56 Bears CB Miami Tyrique Stevenson
40%
90 Cowboys LB Texas DeMarvion Overshown
39%
62 Texans C Penn State Juice Scruggs
39%
49 Steelers DT Wisconsin Keeanu Benton
39%
38 Falcons OL Syracuse Matthew Bergeron
39%
175 Rams TE Clemson Davis Allen
38%
71 Saints RB TCU Kendre Miller
38%
86 Ravens LB Clemson Trenton Simpson
37%
65 Eagles OL Alabama Tyler Steen
36%
121 Jaguars LB Florida Ventrell Miller
36%
101 49ers TE Alabama Cameron Latu
35%
76 Patriots LB Sacramento State Marte Mapu
35%
98 Browns DT Baylor Siaki Ika
35%
148 Bears LB Oregon Noah Sewell
34%
207 Packers K Auburn Anders Carlson
33%
172 Giants RB Oklahoma Eric Gray
33%
167 Texans LB Alabama Henry To'oto'o
33%
107 Patriots C Troy Jake Andrews
33%
151 Seahawks DE Michigan Mike Morris
33%
92 Chiefs OT Oklahoma Wanya Morris
33%
82 Bucs EDGE Louisville YaYa Diaby
33%
206 Bengals WR Princeton Andre Iosivas
31%
100 Raiders WR Cincinnati Tre Tucker
31%
212 Cowboys RB Kansas State Deuce Vaughn
30%
179 Packers DT Bowling Green Karl Brooks
30%
83 Broncos DB Iowa Riley Moss
30%
253 49ers WR Michigan Ronnie Bell
30%
218 Bears DT Kennesaw State Travis Bell
30%
139 Cardinals QB Houston Clayton Tune
29%
244 Cowboys WR South Carolina Jalen Brooks
29%
149 Packers QB Penn State Sean Clifford
29%
188 Eagles QB Stanford Tanner McKee
29%
166 Chiefs OLB Stephen F. Austin BJ Thompson
28%
113 Falcons CB Utah Clark Phillips III
28%
97 Commanders C Arkansas Ricky Stromberg
28%
182 Rams CB TCU Tre'Vius Hodges-Tomlinson
28%
137 Commanders EDGE Clemson KJ Henry
26%
193 Commanders RB Kentucky Chris Rodriguez Jr
25%
85 Chargers LB Washington State Daiyan Henley
25%
159 Packers WR Virginia Dontayvion Wicks
25%
249 Eagles DT Texas Moro Ojomo
25%
64 Bears DT South Carolina Zacch Pickens
25%
119 Chiefs S Virginia Tech Chamarri Conner
24%
154 Seahawks C Michigan Olusegun Oluwatimi
24%
205 Texans WR Iowa State Xavier Hutchinson
24%
219 Lions WR North Carolina Antoine Green
23%
158 Colts S Cal Daniel Scott
23%
178 Cowboys CB Southern Miss Eric Scott Jr
23%
223 Rams P Wingate Ethan Evans
23%
133 Bears WR Cincinnati Tyler Scott
23%
215 Rams RB Ole Miss Zach Evans
23%
110 Colts DE Northwestern Adetomiwa Adebawore
22%
195 Saints WR Wake Forest AT Perry
22%
120 Jets OL Pitt Carter Warren
22%
224 Falcons S Alabama DeMarcco Hellams
22%
143 Jets RB Pitt Israel Abanikanda
22%
191 Bucs WR Nebraska Trey Palmer
21%
234 Rams S Oklahoma State Jason Taylor II
20%
134 Vikings S LSU Jay Ward
20%
237 Seahawks RB Georgia Kenny McIntosh
20%
194 Chiefs DT Texas Keondre Coburn
20%
174 Rams OL Georgia Warren McClendon
20%
126 Browns DE Missouri Isaiah McGuire
19%
102 Vikings DB USC Mekhi Blackmon
19%
132 Steelers EDGE Wisconsin Nick Herbig
19%
106 Colts OT BYU Blake Freeland
18%
210 Patriots WR Liberty Demario Douglas
18%
189 Rams EDGE Nebraska Ochaun Mathis
18%
168 Cardinals LB Auburn Owen Pappoe
18%
117 Patriots OG Eastern Michigan Sidy Sow
18%
192 Patriots P Michigan State Bryce Baringer
17%
248 Texans S Pitt Brandon Hill
16%
226 Jaguars OG Appalachian State Cooper Hodges
16%
180 Cardinals CB Louisville Kei'Trel Clark
16%
220 Jets TE Old Dominion Zach Kuntz
16%
142 Browns CB Northwestern Cameron Mitchell
15%
116 Packers DL Auburn Colby Wooden
15%
222 Vikings RB UAB DeWayne McBride
15%
141 Vikings DT LSU Jaquelin Roy
15%
183 Broncos S Boise State JL Skinner
15%
190 Browns C Ohio State Luke Wypler
15%
118 Commanders OG Utah Braeden Daniels
14%
114 Panthers OG NC State Chandler Zavala
14%
109 Texans EDGE TCU Dylan Horton
14%
176 Colts RB Northwestern Evan Hull
14%
147 Titans TE Cincinnati Josh Whyle
14%
157 Ravens CB Stanford Kyu Blu Kelly
14%
229 Ravens OG USC Andrew Vorhees
13%
197 Dolphins WR/TE Stanford Elijah Higgins
13%
171 Bucs TE Purdue Payne Durham
13%
162 Colts TE Miami Will Mallory
13%
186 Titans OT Maryland Jaelyn Duncan
12%
201 Texans C Notre Dame Jarrett Patterson
12%
103 Saints OT Old Dominion Nick Saldiveri
12%
108 Seahawks OG LSU Anthony Bradford
11%
241 Steelers CB Purdue Cory Trice
11%
138 Colts CB South Carolina Darius Rush
11%
150 Bills WR Florida Justin Shorter
11%
252 Bills CB Oregon State Alex Austin
10%
144 Patriots OG UCLA Atonio Mafi
10%
247 49ers TE Oklahoma Brayden Willis
10%
232 Packers CB Kentucky Carrington Valentine
10%
258 Bears DB Stanford Kendall Williamson
10%
136 Jaguars EDGE Louisville Yasir Abdullah
10%
213 Cardinals DT West Virginia Dante Stills
9%
216 49ers LB TCU Dee Winters
9%
256 Packers WR Charlotte Grant DuBose
9%
204 Jets CB LSU Jarrick Bernard-Converse
9%
130 Jaguars DE Oklahoma State Tyler Lacy
9%
129 Cowboys DE San Jose State Viliami Fehoko
9%
214 Patriots CB Michigan State Ameer Speed
8%
122 Cardinals OG UCLA Jon Gaines II
8%
196 Bucs EDGE Eastern Michigan Jose Ramirez
8%
235 Packers RB Central Michigan Lew Nichols III
8%
161 Rams EDGE Appalachian State Nick Hampton
8%
153 Bucs LB Pitt SirVocea Dennis
8%
211 Colts LB Wagner Titus Leo
8%
257 Broncos C Oregon Alex Forsyth
7%
152 Lions OT William & Mary Colby Sorsdal
7%
155 49ers CB South Alabama Darrell Luter Jr
7%
245 Patriots CB Jackson State Isaiah Bolden
7%
156 Chargers OL Clemson Jordan McFadden
7%
243 Giants DT Oregon Jordon Riley
7%
181 Bucs CB Kansas State Josh Hayes
7%
230 Bills OG Ole Miss Nick Broeker
7%
173 49ers EDGE Georgia Robert Beal Jr
7%
238 Dolphins OT Michigan Ryan Hayes
7%
146 Saints S Minnesota Jordan Howden
6%
199 Ravens OL Oregon Malaesala Aumavae-Laulu
6%
231 Raiders DT Arizona State Nesta Jade Silvera
6%
209 Giants CB Old Dominion Tre Hawkins III
5%
228 Titans WR UT Martin Colton Dowell
4%
246 Bengals CB Miami DJ Ivey
4%
254 Giants S Houston Gervarrius Owens
4%
236 Colts OT Northern Michigan Jake Witt
4%
255 49ers LB Purdue Jalen Graham
4%
225 Falcons OG South Carolina Jovaughn Gwyn
4%
200 Chargers DT Boise State Scott Matlock
4%
184 Jets OLB Western Michigan Zaire Barnes
4%
202 Jaguars CB Rutgers Christian Braswell
3%
240 Jaguars FB Houston Derek Parish
3%
203 Raiders LB Florida Amari Burney
2%
208 Jaguars S Pitt Erick Hallett II
2%
227 Jaguars DT North Carolina Raymond Vohasek
2%
No matching quizzes found
Score Distribution
Percent of People with Each Score
Percentile by Number Answered
Your Score History
You have not taken this quiz